01050nam a2200253 a 450000100060000000300080000600500170001400800410003103500190007204000350009104100080012608200380013411000630017224501500023524600740038526000470045930000240050649000310053050000320056165100600059365100820065370000300073583000310076565404BD-RjUL20211209081425.0170601s1952 pk ||||||||s|o00| 0 eng d a(BD-RjUL)65534 aBD-RjULbengcBD-RjULdBD-RjUL aeng 223 a304.609549021bSHH 1952 (VL)1 aPakistan.boffice of the Provincial Superintendent Census.10aCensus of Pakistan, 1951 :bVillage list : Shahpur District /cPakistan. office of the Provincial Superintendent Census ; M. H. Mahmood , [comp.] aCensus of Pakistan, 1951 :bVillage list : Punjab : Shahpur District. aKarachi:bManager of Publications,c[1952] aii, 60 p. ;c24 cm. aCensus 51 ; vNo. 30B (1). a" chiefly statistical data" aPakistanzWest PakistanzShahpur District vcensus,1951 aPakistanzWest PakistanzShahpur District xPopulation vStatistics y1951 aMahmood, M. H. , [comp.] aCensus 51 ; vNo. 30B (1).